| 000 | 00474nam a2200181Ia 4500 | ||
|---|---|---|---|
| 001 | 25105 | ||
| 005 | 20260414151127.0 | ||
| 008 | 260414t2010||||xx |||||||||||||| ||spa|| | ||
| 041 | _aESP | ||
| 082 |
_a346.2 _bK39N |
||
| 100 |
_aKemelmajer de Carlucci, Aída _eAUT |
||
| 245 | 0 |
_aEl nuevo derecho de familia : _bvisión doctrinal y jurisprudencia |
|
| 260 | _c2010 | ||
| 300 |
_a514 páginas : _c23 cm. |
||
| 650 | _aDER | ||
| 654 | _aCDE | ||
| 942 |
_cLIB _dJUS _fJUS _2ddc _n |
||
| 999 |
_c25105 _d25105 |
||